| 000 | 00692nam a2200169Ia 4500 | ||
|---|---|---|---|
| 999 |
_c19503 _d19503 |
||
| 082 | _aTD.0140 | ||
| 100 | _aDas, Rabindra Nath | ||
| 245 | 0 | _aRole of the Assam State Co-operative Marketing and Consumers Federation Ltd. (Statfed) in the co-operative movement in Assam | |
| 260 |
_c1989 _bGauhati University |
||
| 300 | _a432p. + C D - 65 | ||
| 650 | _aSTATFED//ASSAM STATE COOPERATIVE MARKETING AND CONSUMERS FEDERATION (LTD) | ||
| 650 | _aCOOPERATION - ASSAM | ||
| 650 | _aASSAM STATE COOPERATIVE MARKETING AND CONSUMERS FEDERATION (LTD) | ||
| 650 | _aCONSUMER COOPERATIVES///ASSAM STATE COOPERATIVE MARKETING AND CONSUMERS FEDERATION (LTD) | ||
| 710 | _aDas, N.C. | ||
| 942 |
_cTH _2ddc |
||